The Field Research Survival Guide : (Record no. 618348)

MARC details
000 -LEADER
fixed length control field 00506nam a2200181 a 4500
008 - FIXED-LENGTH DATA ELEMENTS--GENERAL INFORMATION
fixed length control field 260330s2009##################000#0#eng##
020 ## - INTERNATIONAL STANDARD BOOK NUMBER
ISBN 9780195325522
082 04 - DEWEY DECIMAL CLASSIFICATION NUMBER
Classification number 361.00723
Item number STI
100 1# - MAIN ENTRY--AUTHOR NAME
Personal name Stiffman, Arlene Rubin,
245 10 - TITLE STATEMENT
Title The Field Research Survival Guide :
260 ## - PUBLICATION, DISTRIBUTION, ETC. (IMPRINT)
Name of publisher Oxford University Press, USA,
Year of publication 2009.
650 #0 - SUBJECT ADDED ENTRY--TOPICAL TERM
Topical Term Social Science.
942 ## - ADDED ENTRY ELEMENTS (KOHA)
Koha item type English Books
Holdings
Withdrawn status Lost status Damaged status Not for loan Home library Current library Shelving location Date acquired Full call number Accession Number Price effective from Koha item type
        Anna Centenary Library Anna Centenary Library 4TH FLOOR, A WING 30.03.2026 361.00723 STI 153785 30.03.2026 English Books

Find us on the map